Super Sentai: De 1975 à 2025 - Statistiques

Statistiques générales
  • Ce quiz a été pris 15 fois
  • Le résultat moyen est 36 sur 50
Statistiques - réponses
Hint Réponse % Correct
#27: 2003-2004 Bakuryu Sentai Abaranger
89%
#8: 1984-1985 Chodenshi Bioman
89%
#29: 2005-2006 Mahou Sentai Magiranger
89%
#33: 2009-2010 Samurai Sentai Shinkenger
89%
#28: 2004-2005 Tokusou Sentai Dekaranger
89%
#15: 1991-1992 Chojin Sentai Jetman
78%
#19: 1995-1996 Choriki Sentai Ohranger
78%
#21: 1997-1998 Denji Sentai Megaranger
78%
#32: 2008-2009 Engine Sentai Go-Onger
78%
#20: 1996-1997 Gekisou Sentai Carranger
78%
#1: 1975-1977 Himitsu Sentai Gorenger
78%
#42: 2018-2019 Kaitou Sentai Lupinranger
78%
#35: 2011-2012 Kaizoku Sentai Gokaiger
78%
#42: 2018-2019 Keisatsu Sentai Patranger
78%
#16: 1992-1993 Kyoryu Sentai Zyuranger
78%
#24: 2000-2001 Mirai Sentai Timeranger
78%
#49: 2025- N.1 Sentai Gozyuger
78%
#26: 2002-2003 Ninpuu Sentai Hurricaneger
78%
#47: 2023-2024 Ohsama Sentai King-Ohger
78%
#38: 2014-2015 Ressha Sentai ToQger
78%
#22: 1998-1999 Seijuu Sentai Gingaman
78%
#39: 2015-2016 Shuriken Sentai Ninninger
78%
#36: 2012-2013 Tokumei Sentai Go-Busters
78%
#37: 2013-2014 Zyuden Sentai Kyoryuger
78%
#46: 2022-2023 Avataro Sentai Donbrothers
67%
#48: 2024-2025 Bakuage Sentai BoonBoomger
67%
#3: 1979-1980 Battle Fever J
67%
#10: 1986-1987 Choshinsei Flashman
67%
#40: 2016-2017 Doubutsu Sentai Zyuohger
67%
#30: 2006-2007 Gogo Sentai Boukenger
67%
#17: 1993-1994 Gosei Sentai Dairanger
67%
#11: 1987-1988 Hikari Sentai Maskman
67%
#25: 2001-2002 Hyakujuu Sentai Gaoranger
67%
#31: 2007-2008 Juken Sentai Gekiranger
67%
#45: 2021-2022 Kikai Sentai Zenkaiger
67%
#43: 2019-2020 Kishiryu Sentai Ryusoulger
67%
#23: 1999-2000 Kyuukyuu Sentai GoGoV
67%
#44: 2020-2021 Mashin Sentai Kiramager
67%
#18: 1994-1995 Ninja Sentai Kakuranger
67%
#5: 1981-1982 Taiyo Sentai Sun Vulcan
67%
#34: 2010-2011 Tensou Sentai Goseiger
67%
#41: 2017-2018 Uchuu Sentai Kyuranger
67%
#14: 1990-1991 Chikyu Sentai Fiveman
56%
#12: 1988-1989 Choju Sentai Liveman
56%
#6: 1982-1983 Dai Sentai Goggle V
56%
#9: 1985-1986 Dengeki Sentai Changeman
56%
#4: 1980-1981 Denshi Sentai Denziman
56%
#2: 1977 J.A.K.Q Dengekitai
56%
#7: 1983-1984 Kagaku Sentai Dynaman
56%
#13: 1989-1990 Kousoku Sentai Turboranger
56%
Aucun quiz correspondant
Distribution des résultats
% des personnes avec chaque résultat
Percentile par nombre de réponses
Votre historique - résultats
Vous n’avez pas pris ce quiz